[Event "Charlesbourg Keres mem."]
[Site "Charlesbourg CAN"]
[Date "2004.03.22"]
[Round "1"]
[White "Fecteau, Martin"]
[Black "Plante, Rejean"]
[Result "1/2-1/2"]
[WhiteElo "2013"]
[BlackElo "2197"]
[PlyCount "127"]
[GameId "2160767911175333"]
[EventDate "2004.03.22"]
[EventType "swiss"]
[EventRounds "5"]
[EventCountry "CAN"]
[SourceTitle "EXT 2005"]
[Source "ChessBase"]
[SourceDate "2004.11.15"]
[SourceVersion "1"]
[SourceVersionDate "2004.11.15"]
[SourceQuality "1"]

1. e4 c5 2. Nf3 Nc6 3. d4 cxd4 4. Nxd4 Qb6 5. Nxc6 dxc6 6. Nc3 e5 7. Bc4 Nf6 8. O-O Bg4 9. Qe1 Be7 10. Bb3 O-O 11. Be3 Qc7 12. f3 Bd7 13. Qf2 Nh5 14. Bxa7 Nf4 15. Be3 Ng6 16. Bc5 Bxc5 17. Qxc5 Nf4 18. Qe3 Qd8 19. Ne2 Ng6 20. Rfd1 Qe7 21. a4 Rfd8 22. g3 h5 23. h4 Nf8 24. c3 Be6 25. Rxd8 Rxd8 26. Bxe6 Nxe6 27. b4 Qd6 28. a5 Nc7 29. Kf2 Nb5 30. a6 bxa6 31. Rxa6 Nc7 32. Ra1 Ne6 33. Ra5 Rc8 34. Ra2 c5 35. Rd2 Qb8 36. Rb2 Qb5 37. f4 c4 38. Rd2 exf4 39. gxf4 Qb8 40. Rd7 Nf8 41. Rd5 g6 42. Qg3 Qa7+ 43. Kf3 Qa1 44. Qg1 Qa8 45. Qb6 Re8 46. Qa5 Qc8 47. f5 Qb7 48. Ng3 Qe7 49. fxg6 Nxg6 50. Rg5 Qf6+ 51. Kg2 Qxc3 52. Qd5 Kf8 53. Qd6+ Kg8 54. Rxg6+ fxg6 55. Qxg6+ Kf8 56. Qxh5 Qe5 57. Qh6+ Kf7 58. Qh7+ Kf8 59. Qh6+ Kf7 60. Qh7+ Ke6 61. Qg6+ Kd7 62. Qf7+ Re7 63. Qxc4 Rg7 64. Qd3+ 1/2-1/2

[Event "Charlesbourg Keres mem."]
[Site "Charlesbourg CAN"]
[Date "2004.03.22"]
[Round "1"]
[White "Sauve, Richard"]
[Black "Bonneau, Daniel"]
[Result "1-0"]
[WhiteElo "2020"]
[BlackElo "1957"]
[PlyCount "123"]
[GameId "2160767911175334"]
[EventDate "2004.03.22"]
[EventType "swiss"]
[EventRounds "5"]
[EventCountry "CAN"]
[SourceTitle "EXT 2005"]
[Source "ChessBase"]
[SourceDate "2004.11.15"]
[SourceVersion "1"]
[SourceVersionDate "2004.11.15"]
[SourceQuality "1"]

1. d4 Nf6 2. c4 g6 3. Nc3 Bg7 4. e4 d6 5. f3 O-O 6. Be3 c5 7. Nge2 Nc6 8. d5 Ne5 9. Ng3 e6 10. Be2 exd5 11. cxd5 Bd7 12. Qd2 b5 13. Nxb5 Bxb5 14. Bxb5 Qb6 15. Be2 Rab8 16. Rb1 a5 17. O-O Rfe8 18. b3 Qb4 19. Qc2 Ned7 20. Bc4 Qb7 21. Ne2 Nb6 22. Nc3 Qe7 23. Bf2 Nh5 24. Nb5 Be5 25. Qd2 Bf4 26. Qxa5 Nxc4 27. bxc4 Ra8 28. Qc7 Qe5 29. g3 Nxg3 30. hxg3 Bxg3 31. Qxd6 Bh2+ 32. Kg2 Qxd6 33. Nxd6 Bxd6 34. Rb2 Ra4 35. Rc1 Rea8 36. Rb6 Bf4 37. Rc2 Rxa2 38. Rxa2 Rxa2 39. d6 Rd2 40. d7 Rxd7 41. Bxc5 Rd2+ 42. Kf1 h5 43. Be7 Bg3 44. Ra6 Rf2+ 45. Kg1 Rxf3 46. Kg2 Rb3 47. Bf6 Bc7 48. Ra7 Rg3+ 49. Kh2 Rf3+ 50. Rxc7 Rxf6 51. Rd7 Kf8 52. c5 Rc6 53. Rd5 Ke7 54. Kg3 Ke6 55. Kf4 f6 56. Ke3 Ra6 57. Rd3 g5 58. Rc3 Rc6 59. Kd4 h4 60. Rh3 Ra6 61. Rc3 Ra4+ 62. Ke3 1-0

[Event "Charlesbourg Keres mem."]
[Site "Charlesbourg CAN"]
[Date "2004.03.29"]
[Round "2"]
[White "Bluteau, Yvon"]
[Black "Laflamme, Simon"]
[Result "0-1"]
[WhiteElo "1647"]
[BlackElo "1920"]
[PlyCount "56"]
[GameId "2160767911175335"]
[EventDate "2004.03.22"]
[EventType "swiss"]
[EventRounds "5"]
[EventCountry "CAN"]
[SourceTitle "EXT 2005"]
[Source "ChessBase"]
[SourceDate "2004.11.15"]
[SourceVersion "1"]
[SourceVersionDate "2004.11.15"]
[SourceQuality "1"]

1. d4 Nf6 2. Nf3 d6 3. g3 Nc6 4. c4 e5 5. dxe5 Nxe5 6. Nxe5 dxe5 7. Qxd8+ Kxd8 8. Bg2 c6 9. Nc3 Bb4 10. Bd2 Be6 11. b3 Kc7 12. Nb5+ cxb5 13. Bxb4 bxc4 14. bxc4 Rad8 15. Bc3 Nd7 16. Bd5 Rhe8 17. O-O-O Bxd5 18. Rxd5 f6 19. Rhd1 Nb8 20. Kc2 Nc6 21. c5 Nd4+ 22. R5xd4 exd4 23. Ba5+ b6 24. cxb6+ axb6 25. Bd2 Rxe2 26. Kd3 Rxf2 27. Bf4+ Kb7 28. Re1 Rd7 0-1

[Event "Charlesbourg Keres mem."]
[Site "Charlesbourg CAN"]
[Date "2004.03.29"]
[Round "2"]
[White "Bonneau, Daniel"]
[Black "Lessard, Claude"]
[Result "0-1"]
[WhiteElo "1957"]
[BlackElo "2007"]
[PlyCount "52"]
[GameId "2160767911175336"]
[EventDate "2004.03.22"]
[EventType "swiss"]
[EventRounds "5"]
[EventCountry "CAN"]
[SourceTitle "EXT 2005"]
[Source "ChessBase"]
[SourceDate "2004.11.15"]
[SourceVersion "1"]
[SourceVersionDate "2004.11.15"]
[SourceQuality "1"]

1. d4 Nf6 2. Nf3 d5 3. c4 c6 4. Nc3 g6 5. g3 dxc4 6. Bg2 Bg7 7. O-O O-O 8. Ne5 Be6 9. e4 Nbd7 10. f4 Qb6 11. Qe2 Nxe5 12. fxe5 Qxd4+ 13. Be3 Qxe5 14. Bf3 Rfd8 15. Rfd1 Qa5 16. Rxd8+ Rxd8 17. Rd1 a6 18. Na4 Nd7 19. Bb6 Qxa4 20. Bxd8 Qxa2 21. Rd2 Bf6 22. Bg4 Bxg4 23. Qxg4 Ne5 24. Qc8 Kg7 25. Kg2 c3 26. Rf2 cxb2 0-1

[Event "Charlesbourg Keres mem."]
[Site "Charlesbourg CAN"]
[Date "2004.03.29"]
[Round "2"]
[White "Plante, Rejean"]
[Black "Beaudoin, Stephane"]
[Result "0-1"]
[WhiteElo "2183"]
[BlackElo "2072"]
[PlyCount "112"]
[GameId "2160767911175337"]
[EventDate "2004.03.22"]
[EventType "swiss"]
[EventRounds "5"]
[EventCountry "CAN"]
[SourceTitle "EXT 2005"]
[Source "ChessBase"]
[SourceDate "2004.11.15"]
[SourceVersion "1"]
[SourceVersionDate "2004.11.15"]
[SourceQuality "1"]

1. e4 g6 2. d4 Bg7 3. Nc3 d6 4. Be3 Nc6 5. Bc4 e5 6. d5 Nce7 7. Qd2 f5 8. f3 f4 9. Bf2 Nf6 10. Nge2 O-O 11. Nc1 g5 12. Nb3 Kh8 13. O-O-O g4 14. Kb1 Bd7 15. Be2 a6 16. a3 Qe8 17. Na2 Qg6 18. Rc1 Bh6 19. Bd3 Qh5 20. Qe2 Rg8 21. Rcg1 gxf3 22. gxf3 Rxg1+ 23. Bxg1 Bh3 24. Qf2 Rg8 25. Bf1 Nxe4 26. fxe4 Qd1+ 27. Nac1 Qxf1 28. Qxf1 Bxf1 29. Bf2 Bg2 30. Re1 Ng6 31. c4 Bg5 32. c5 Bh4 33. Nd3 Bxf2 34. Nxf2 Nh4 35. cxd6 cxd6 36. Rc1 h5 37. Rc7 Nf3 38. Rd7 Rg6 39. h3 Ng1 40. h4 Nh3 41. Nxh3 Bxh3 42. Rd8+ Kh7 43. Nd2 Bg2 44. Rf8 Kg7 45. Rf5 Bh3 46. Rxh5 Bg4 47. Rg5 Rxg5 48. hxg5 Be2 49. Kc2 Kg6 50. Nb1 Kxg5 51. Kd2 Bh5 52. Kd3 Kg4 53. Nd2 b5 54. Ke2 Kg3+ 55. Kf1 f3 56. a4 Be8 0-1

[Event "Charlesbourg Keres mem."]
[Site "Charlesbourg CAN"]
[Date "2004.03.29"]
[Round "2"]
[White "Sauve, Richard"]
[Black "Fecteau, Martin"]
[Result "1-0"]
[WhiteElo "2020"]
[BlackElo "2013"]
[PlyCount "169"]
[GameId "2160767911175338"]
[EventDate "2004.03.22"]
[EventType "swiss"]
[EventRounds "5"]
[EventCountry "CAN"]
[SourceTitle "EXT 2005"]
[Source "ChessBase"]
[SourceDate "2004.11.15"]
[SourceVersion "1"]
[SourceVersionDate "2004.11.15"]
[SourceQuality "1"]

1. d4 Nf6 2. c4 e6 3. Nc3 Bb4 4. e3 O-O 5. Bd3 d5 6. Nf3 b6 7. O-O Bxc3 8. bxc3 Ba6 9. cxd5 Bxd3 10. Qxd3 exd5 11. a4 Nbd7 12. Ba3 Re8 13. c4 dxc4 14. Qxc4 a5 15. Ng5 Nf8 16. Qxf7+ Kh8 17. Rac1 Rc8 18. Rc6 Nd5 19. Qh5 Nf6 20. Qf3 Qd7 21. Rfc1 Ne6 22. Nxe6 Rxe6 23. Rxe6 Qxe6 24. Qb7 Qf5 25. h3 Qd7 26. Bd6 c6 27. Qxd7 Nxd7 28. Kf1 Kg8 29. Ke2 Kf7 30. f3 Ke6 31. Bg3 c5 32. e4 g6 33. Kd3 g5 34. Bf2 Rd8 35. d5+ Kf6 36. Bg3 Ne5+ 37. Kc3 Rd7 38. Rb1 Rb7 39. Bh2 h5 40. Bg1 Nd7 41. Kc4 Rb8 42. Bh2 Rc8 43. Rf1 Ne5+ 44. Bxe5+ Kxe5 45. Rb1 Rb8 46. Kb5 g4 47. hxg4 hxg4 48. Kc6 gxf3 49. gxf3 c4 50. d6 Rd8 51. Rd1 Ke6 52. Kb5 c3 53. Rc1 Rxd6 54. Rxc3 Ke5 55. Rc6 Rd3 56. Kxb6 Rxf3 57. Rc4 Rb3+ 58. Kxa5 Kd6 59. Ka6 Kd7 60. e5 Re3 61. Rc5 Re4 62. Kb5 Re1 63. a5 Rb1+ 64. Kc4 Ra1 65. Kd5 Rd1+ 66. Ke4 Re1+ 67. Kf3 Rf1+ 68. Ke2 Ra1 69. Rb5 Ke6 70. Kd3 Ra4 71. Kc3 Ra1 72. Kb4 Rb1+ 73. Kc5 Ra1 74. Kb6 Kd7 75. a6 Rc1 76. a7 Rc6+ 77. Ka5 Rc1 78. Rb8 Ra1+ 79. Kb6 Rb1+ 80. Kc5 Rc1+ 81. Kd4 Rd1+ 82. Ke3 Re1+ 83. Kf2 Ra1 84. a8=Q Rxa8 85. Rxa8 1-0

[Event "Charlesbourg Keres mem."]
[Site "Charlesbourg CAN"]
[Date "2004.04.05"]
[Round "3"]
[White "Beaudoin, Stephane"]
[Black "Sauve, Richard"]
[Result "0-1"]
[WhiteElo "2072"]
[BlackElo "2020"]
[PlyCount "164"]
[GameId "2160767911175339"]
[EventDate "2004.03.22"]
[EventType "swiss"]
[EventRounds "5"]
[EventCountry "CAN"]
[SourceTitle "EXT 2005"]
[Source "ChessBase"]
[SourceDate "2004.11.15"]
[SourceVersion "1"]
[SourceVersionDate "2004.11.15"]
[SourceQuality "1"]

1. e4 e6 2. d4 d5 3. Nd2 dxe4 4. Nxe4 Nd7 5. c4 Ngf6 6. Nc3 c5 7. Nf3 cxd4 8. Qxd4 Bc5 9. Qh4 O-O 10. Be2 b6 11. O-O Bb7 12. Rd1 Qe7 13. a3 Rad8 14. b4 Bd6 15. Be3 Ne5 16. Nxe5 Bxe5 17. Rac1 Rxd1+ 18. Nxd1 Qd7 19. c5 bxc5 20. Bxc5 Rc8 21. Ne3 Qd2 22. Rc2 Qe1+ 23. Nf1 Be4 24. Ra2 Bb1 25. Rd2 Bc3 26. Rd1 Qxe2 27. Rxb1 Qa2 28. Rd1 Qxa3 29. Qc4 Nd5 30. Rb1 Qa4 31. Ne3 Nxe3 32. Qxc3 Nd5 33. Qe5 Qc6 34. Ra1 a6 35. g3 h6 36. Qe2 Nc7 37. Qg4 Nb5 38. Be3 Kh8 39. Rc1 Qd7 40. Rd1 Qb7 41. Qh4 Nc3 42. Rd8+ Kh7 43. Rxc8 Qxc8 44. Qe7 Nd5 45. Qc5 Qxc5 46. bxc5 Nb4 47. Bd2 Nc6 48. Kf1 Kg6 49. Bc3 e5 50. Ke2 Kf5 51. Kd3 Ke6 52. Kc4 f5 53. f4 g6 54. fxe5 Nxe5+ 55. Kb4 Nc6+ 56. Kc4 g5 57. h4 gxh4 58. gxh4 h5 59. Bg7 Ne5+ 60. Kd4 Nf3+ 61. Ke3 Nxh4 62. Kf4 Ng6+ 63. Kg5 h4 64. Bd4 h3 65. Bg1 Ne5 66. Kf4 Ng4 67. c6 Kd6 68. Kxf5 h2 69. Bxh2+ Nxh2 70. Ke4 Ng4 71. Kd4 Kxc6 72. Kc4 Ne5+ 73. Kb4 Kb6 74. Ka4 Nc6 75. Ka3 Kb5 76. Kb3 a5 77. Ka3 Nd4 78. Kb2 Kb4 79. Ka2 a4 80. Kb2 a3+ 81. Ka2 Nc2 82. Kb1 Kb3 0-1

[Event "Charlesbourg Keres mem."]
[Site "Charlesbourg CAN"]
[Date "2004.04.05"]
[Round "3"]
[White "Lessard, Claude"]
[Black "Plante, Rejean"]
[Result "1-0"]
[WhiteElo "2007"]
[BlackElo "2196"]
[PlyCount "61"]
[GameId "2160767911175340"]
[EventDate "2004.03.22"]
[EventType "swiss"]
[EventRounds "5"]
[EventCountry "CAN"]
[SourceTitle "EXT 2005"]
[Source "ChessBase"]
[SourceDate "2004.11.15"]
[SourceVersion "1"]
[SourceVersionDate "2004.11.15"]
[SourceQuality "1"]

1. d4 Nf6 2. Nf3 g6 3. g3 Bg7 4. Bg2 O-O 5. O-O d6 6. b3 Nbd7 7. Bb2 c5 8. e3 Rb8 9. c4 b5 10. cxb5 Rxb5 11. Nc3 Rb8 12. dxc5 Nxc5 13. Nd4 Bb7 14. Nc6 Bxc6 15. Bxc6 e6 16. Bg2 Qb6 17. Qe2 d5 18. Rfd1 Rfd8 19. Rac1 a5 20. Nb1 a4 21. Bd4 Nfd7 22. bxa4 Bxd4 23. Rxd4 Ne5 24. Nc3 Qa5 25. h3 Nc6 26. Rh4 Rb4 27. Rxb4 Qxb4 28. Qb5 Rc8 29. Nxd5 exd5 30. Qxc5 Qxa4 31. Qxd5 1-0

[Event "Charlesbourg Keres mem."]
[Site "Charlesbourg CAN"]
[Date "2004.04.12"]
[Round "4"]
[White "Bonneau, Daniel"]
[Black "Plante, Rejean"]
[Result "1-0"]
[WhiteElo "1957"]
[BlackElo "2196"]
[PlyCount "69"]
[GameId "2160767911183533"]
[EventDate "2004.03.22"]
[EventType "swiss"]
[EventRounds "5"]
[EventCountry "CAN"]
[SourceTitle "EXT 2005"]
[Source "ChessBase"]
[SourceDate "2004.11.15"]
[SourceVersion "1"]
[SourceVersionDate "2004.11.15"]
[SourceQuality "1"]

1. d4 Nf6 2. Nf3 b6 3. g3 Bb7 4. Bg2 e6 5. c4 c5 6. d5 exd5 7. Nh4 g6 8. Nc3 Bg7 9. O-O O-O 10. Bg5 Qc8 11. cxd5 d6 12. Qd2 Nbd7 13. Rad1 a6 14. a4 Re8 15. Qf4 Qc7 16. g4 h5 17. gxh5 Nxh5 18. Qd2 Ne5 19. e4 f6 20. Bh6 Bxh6 21. Qxh6 Qh7 22. Qc1 Bc8 23. f4 Ng4 24. Nf3 Ra7 25. h3 Nh6 26. Nd2 Nf7 27. Nc4 Ng3 28. Rf3 Qh4 29. Qe3 Nf5 30. Qf2 Qxf2+ 31. Rxf2 b5 32. axb5 axb5 33. Nxb5 Rb7 34. exf5 Rxb5 35. fxg6 1-0

[Event "Charlesbourg Keres mem."]
[Site "Charlesbourg CAN"]
[Date "2004.04.12"]
[Round "4"]
[White "Cote, Jocelyn"]
[Black "Laflamme, Simon"]
[Result "1-0"]
[WhiteElo "1817"]
[BlackElo "1920"]
[PlyCount "63"]
[GameId "2160767911183534"]
[EventDate "2004.03.22"]
[EventType "swiss"]
[EventRounds "5"]
[EventCountry "CAN"]
[SourceTitle "EXT 2005"]
[Source "ChessBase"]
[SourceDate "2004.11.15"]
[SourceVersion "1"]
[SourceVersionDate "2004.11.15"]
[SourceQuality "1"]

1. d4 Nf6 2. c4 Nc6 3. Nc3 e5 4. d5 Ne7 5. e4 Ng6 6. Be3 Bb4 7. Nge2 Nxe4 8. Qc2 Nxc3 9. Nxc3 O-O 10. a3 Bxc3+ 11. Qxc3 d6 12. g3 f5 13. Bd3 f4 14. Bd2 Qf6 15. O-O-O Bf5 16. Rde1 c6 17. dxc6 bxc6 18. Rhg1 d5 19. gxf4 Bxd3 20. fxe5 Nxe5 21. Rxe5 Bxc4 22. Qg3 Rae8 23. Rf5 Qe7 24. Bb4 Qd7 25. Bxf8 Rxf8 26. Rg5 Rf7 27. Qb8+ Rf8 28. Rxg7+ Qxg7 29. Rxg7+ Kxg7 30. Qxa7+ Rf7 31. Qd4+ Kg8 32. Kd2 1-0

[Event "Charlesbourg Keres mem."]
[Site "Charlesbourg CAN"]
[Date "2004.04.12"]
[Round "4"]
[White "Fecteau, Martin"]
[Black "Beaudoin, Stephane"]
[Result "0-1"]
[WhiteElo "2013"]
[BlackElo "2072"]
[PlyCount "84"]
[GameId "2160767911183535"]
[EventDate "2004.03.22"]
[EventType "swiss"]
[EventRounds "5"]
[EventCountry "CAN"]
[SourceTitle "EXT 2005"]
[Source "ChessBase"]
[SourceDate "2004.11.15"]
[SourceVersion "1"]
[SourceVersionDate "2004.11.15"]
[SourceQuality "1"]

1. e4 g6 2. d4 Bg7 3. Nf3 d6 4. Nc3 a6 5. Bd3 Nc6 6. Be3 Nf6 7. h3 O-O 8. O-O e5 9. dxe5 dxe5 10. Bc5 Re8 11. a4 Nh5 12. Ne2 Be6 13. c3 Bh6 14. Ng3 Nf4 15. Bc2 Qf6 16. Nh2 Rad8 17. Ng4 Qh4 18. Nxh6+ Qxh6 19. Qf3 Rd2 20. Rac1 Red8 21. Be3 R2d6 22. Rfd1 Na5 23. Rxd6 Rxd6 24. Rd1 Nc4 25. Rxd6 cxd6 26. Ne2 Nxe3 27. Qxe3 Nxe2+ 28. Qxe2 Qc1+ 29. Qd1 Qxb2 30. Qd3 d5 31. Qd1 d4 32. cxd4 exd4 33. Qd3 b5 34. axb5 axb5 35. Qd1 Bc4 36. f4 Qc3 37. f5 d3 38. Bb1 d2 39. Bc2 b4 40. fxg6 hxg6 41. Kh2 b3 42. Qg4 Qe5+ 0-1

[Event "Charlesbourg Keres mem."]
[Site "Charlesbourg CAN"]
[Date "2004.04.12"]
[Round "4"]
[White "Sauve, Richard"]
[Black "Lessard, Claude"]
[Result "0-1"]
[WhiteElo "2020"]
[BlackElo "2007"]
[PlyCount "70"]
[GameId "2160767911183536"]
[EventDate "2004.03.22"]
[EventType "swiss"]
[EventRounds "5"]
[EventCountry "CAN"]
[SourceTitle "EXT 2005"]
[Source "ChessBase"]
[SourceDate "2004.11.15"]
[SourceVersion "1"]
[SourceVersionDate "2004.11.15"]
[SourceQuality "1"]

1. d4 Nf6 2. c4 c5 3. d5 b5 4. cxb5 a6 5. bxa6 Bxa6 6. g3 g6 7. Bg2 d6 8. b3 Bg7 9. Bb2 O-O 10. Nh3 c4 11. b4 Nbd7 12. O-O Nb6 13. Re1 Bb7 14. e4 Na4 15. Bd4 e5 16. dxe6 fxe6 17. e5 Bxg2 18. Kxg2 Nd5 19. exd6 Bxd4 20. Qxd4 Qxd6 21. Qxc4 Rac8 22. Qb3 Nac3 23. a3 Qc6 24. Kg1 Nb5 25. Qd3 Qb6 26. Nd2 Rc3 27. Qe4 Nd4 28. Rec1 Nf6 29. Qe1 Rd3 30. Kg2 Qb7+ 31. f3 Rxd2+ 32. Qxd2 Qxf3+ 33. Kg1 Ne2+ 34. Qxe2 Qxe2 35. Re1 Qb2 0-1

[Event "Charlesbourg Keres mem."]
[Site "Charlesbourg CAN"]
[Date "2004.04.19"]
[Round "5"]
[White "Laflamme, Simon"]
[Black "Poliquin, Yvone"]
[Result "1-0"]
[WhiteElo "1920"]
[BlackElo "1833"]
[PlyCount "44"]
[GameId "2160767911183537"]
[EventDate "2004.03.22"]
[EventType "swiss"]
[EventRounds "5"]
[EventCountry "CAN"]
[SourceTitle "EXT 2005"]
[Source "ChessBase"]
[SourceDate "2004.11.15"]
[SourceVersion "1"]
[SourceVersionDate "2004.11.15"]
[SourceQuality "1"]

1. e4 d6 2. d4 Nf6 3. Nc3 g6 4. Nf3 Bg7 5. Be3 c6 6. Qd2 Nbd7 7. O-O-O Qa5 8. Kb1 b5 9. Bd3 O-O 10. Bh6 b4 11. Ne2 e5 12. h4 Bxh6 13. Qxh6 Ng4 14. Qg5 Nxf2 15. h5 Nxd1 16. hxg6 fxg6 17. Qh6 Nf6 18. dxe5 Be6 19. exf6 Qxa2+ 20. Kc1 Rf7 21. Ng5 Nf2 22. Nxf7 Qa1+ 1-0

[Event "Charlesbourg Le Khalif"]
[Site "Charlesbourg CAN"]
[Date "2004.02.09"]
[Round "1"]
[White "Beaudoin, Stephane"]
[Black "Michaud, Jacques"]
[Result "1-0"]
[WhiteElo "2021"]
[BlackElo "1497"]
[PlyCount "35"]
[GameId "2160767911192048"]
[EventDate "2004.02.09"]
[EventType "swiss"]
[EventRounds "5"]
[EventCountry "CAN"]
[SourceTitle "EXT 2005"]
[Source "ChessBase"]
[SourceDate "2004.11.15"]
[SourceVersion "1"]
[SourceVersionDate "2004.11.15"]
[SourceQuality "1"]

1. e4 c5 2. Nf3 d6 3. d4 cxd4 4. Nxd4 Nf6 5. Nc3 a6 6. Be3 Ng4 7. Bg5 h6 8. Bh4 Nc6 9. Be2 Nxd4 10. Qxd4 Bd7 11. Bxg4 Bxg4 12. e5 Bf5 13. O-O dxe5 14. Qxe5 Bxc2 15. Rac1 Bg6 16. Rfd1 Qb6 17. Nd5 f6 18. Qg3 1-0

[Event "Charlesbourg Le Khalif"]
[Site "Charlesbourg CAN"]
[Date "2004.02.09"]
[Round "1"]
[White "Gagnon, Alain"]
[Black "Bonneau, Daniel"]
[Result "0-1"]
[WhiteElo "1439"]
[BlackElo "1985"]
[PlyCount "78"]
[GameId "2160767911192049"]
[EventDate "2004.02.09"]
[EventType "swiss"]
[EventRounds "5"]
[EventCountry "CAN"]
[SourceTitle "EXT 2005"]
[Source "ChessBase"]
[SourceDate "2004.11.15"]
[SourceVersion "1"]
[SourceVersionDate "2004.11.15"]
[SourceQuality "1"]

1. d4 Nf6 2. c4 g6 3. Nc3 Bg7 4. e4 d6 5. Be2 O-O 6. Nf3 e5 7. d5 Nfd7 8. Bg5 f6 9. Bh4 a5 10. O-O Na6 11. a3 b6 12. Rb1 Qe8 13. Nd2 f5 14. f3 f4 15. b4 axb4 16. axb4 Nf6 17. Nb5 Bd7 18. Qc2 h6 19. Rb2 g5 20. Bf2 h5 21. Ra1 Qg6 22. Qb1 g4 23. Rba2 g3 24. Rxa6 gxf2+ 25. Kxf2 Rac8 26. Nxc7 Rxc7 27. Rxb6 h4 28. Rxd6 Ng4+ 29. fxg4 Qxd6 30. c5 Qg6 31. h3 Rb8 32. Ra6 Qe8 33. d6 Rcb7 34. Qc2 Rxb4 35. Bc4+ Kh8 36. Bd5 Rb2 37. Qc3 Qc8 38. Ra7 Rxd2+ 39. Qxd2 Qxc5+ 0-1

[Event "Charlesbourg Le Khalif"]
[Site "Charlesbourg CAN"]
[Date "2004.02.09"]
[Round "1"]
[White "Marois, Remi"]
[Black "Laflamme, Simon"]
[Result "1/2-1/2"]
[WhiteElo "1421"]
[BlackElo "1999"]
[PlyCount "71"]
[GameId "2160767911192050"]
[EventDate "2004.02.09"]
[EventType "swiss"]
[EventRounds "5"]
[EventCountry "CAN"]

1. e4 c5 2. Nf3 Nf6 3. Nc3 d5 4. exd5 Nxd5 5. d4 Nc6 6. dxc5 Nxc3 7. Qxd8+ Kxd8 8. bxc3 Bf5 9. Bd3 Bg6 10. Bf4 f6 11. Nd4 e5 12. Nxc6+ bxc6 13. Be3 Rb8 14. O-O Be7 15. Rab1 Kc7 16. Bxg6 hxg6 17. Rfd1 Rhd8 18. Re1 Rb5 19. c4 Ra5 20. Rb2 Rb8 21. Rxb8 Kxb8 22. Rb1+ Kc7 23. Rb2 Bxc5 24. Bxc5 Rxc5 25. Rb4 Ra5 26. Rb2 Ra4 27. Kf1 Rxc4 28. Ke2 f5 29. Kd3 Rd4+ 30. Ke2 Rd5 31. Rb3 c5 32. Ra3 Kb6 33. Rb3+ Kc6 34. Ra3 Kb7 35. Rb3+ Kc8 36. Ra3 1/2-1/2

[Event "Charlesbourg Le Khalif"]
[Site "Charlesbourg CAN"]
[Date "2004.02.09"]
[Round "1"]
[White "Sauve, Richard"]
[Black "Bourassa, Samuel"]
[Result "1-0"]
[WhiteElo "1992"]
[BlackElo "1469"]
[PlyCount "71"]
[GameId "2160767911192051"]
[EventDate "2004.02.09"]
[EventType "swiss"]
[EventRounds "5"]
[EventCountry "CAN"]
[SourceTitle "EXT 2005"]
[Source "ChessBase"]
[SourceDate "2004.11.15"]
[SourceVersion "1"]
[SourceVersionDate "2004.11.15"]
[SourceQuality "1"]

1. d4 d5 2. c4 e6 3. Nc3 Nf6 4. cxd5 exd5 5. Bg5 c6 6. e3 Bd6 7. Bd3 h6 8. Bh4 Be6 9. Nf3 Nbd7 10. Qc2 Qc7 11. Bg3 Bxg3 12. hxg3 a6 13. Nh4 O-O-O 14. Nf5 Bxf5 15. Bxf5 Kb8 16. O-O-O Rhe8 17. Kb1 Re7 18. Rc1 Rde8 19. Rhd1 Nb6 20. Bd3 Nc8 21. Qe2 Ka7 22. Qf3 Nd6 23. Rc2 Qd7 24. Qf4 Nh5 25. Qh4 Nf6 26. Qh1 Nde4 27. Qf1 Nd6 28. Na4 Nfe4 29. Rdc1 Rc8 30. Qe1 Nb5 31. Bxb5 axb5 32. Qa5+ Kb8 33. Nb6 Qd8 34. Qa8+ Kc7 35. Rxc6+ bxc6 36. Rxc6# 1-0

[Event "Charlesbourg Le Khalif"]
[Site "Charlesbourg CAN"]
[Date "2004.02.09"]
[Round "1"]
[White "Theriault, Jean-Louis"]
[Black "Plante, Rejean"]
[Result "0-1"]
[WhiteElo "1533"]
[BlackElo "2183"]
[PlyCount "54"]
[GameId "2160767911192052"]
[EventDate "2004.02.09"]
[EventType "swiss"]
[EventRounds "5"]
[EventCountry "CAN"]
[SourceTitle "EXT 2005"]
[Source "ChessBase"]
[SourceDate "2004.11.15"]
[SourceVersion "1"]
[SourceVersionDate "2004.11.15"]
[SourceQuality "1"]

1. e4 c5 2. Nf3 Nc6 3. d4 cxd4 4. Nxd4 Qb6 5. c3 Nf6 6. Qd3 g6 7. Nd2 a6 8. Nc4 Qc7 9. Be2 b5 10. Ne3 Ne5 11. Qc2 Bb7 12. f3 Bg7 13. O-O O-O 14. Bd2 Rac8 15. Rac1 Qb6 16. Kh1 Rfd8 17. Qb3 d5 18. exd5 Nxd5 19. Nec2 Nc4 20. Bxc4 Rxc4 21. Ne2 e5 22. Ng3 h5 23. Rce1 Nf4 24. Bxf4 Rxf4 25. Ne3 h4 26. Ne4 Bxe4 27. fxe4 Qxe3 0-1

[Event "Charlesbourg Le Khalif"]
[Site "Charlesbourg CAN"]
[Date "2004.02.16"]
[Round "2"]
[White "Boissinot, Claude"]
[Black "Beaudoin, Stephane"]
[Result "0-1"]
[WhiteElo "1581"]
[BlackElo "2021"]
[PlyCount "80"]
[GameId "2160767911192053"]
[EventDate "2004.02.09"]
[EventType "swiss"]
[EventRounds "5"]
[EventCountry "CAN"]
[SourceTitle "EXT 2005"]
[Source "ChessBase"]
[SourceDate "2004.11.15"]
[SourceVersion "1"]
[SourceVersionDate "2004.11.15"]
[SourceQuality "1"]

1. e4 g6 2. d4 Bg7 3. Bc4 e6 4. Ne2 Ne7 5. O-O d5 6. exd5 exd5 7. Bb3 O-O 8. c3 b6 9. f4 c5 10. Ng3 Nbc6 11. Be3 cxd4 12. cxd4 Na5 13. Nc3 Nxb3 14. axb3 f5 15. Kh1 Nc6 16. Bg1 a5 17. Rf3 Ba6 18. Rc1 Qd6 19. Na4 Nb4 20. Nc3 Rfe8 21. Bf2 Re7 22. Kg1 Rae8 23. h3 Bh6 24. Nh1 Bxf4 25. Ng3 Bxc1 26. Qxc1 f4 27. Nh1 Nd3 28. Qd2 Nxf2 29. Nxf2 Re3 30. Ng4 Rxf3 31. gxf3 Kg7 32. Ne5 Rf8 33. Qf2 b5 34. Qh4 b4 35. Na4 Qf6 36. Qf2 Qg5+ 37. Kh2 Rc8 38. Nc5 Rxc5 39. dxc5 Qxe5 40. c6 Qe3 0-1

[Event "Charlesbourg Le Khalif"]
[Site "Charlesbourg CAN"]
[Date "2004.02.16"]
[Round "2"]
[White "Bonneau, Daniel"]
[Black "Coutu, Michel"]
[Result "1-0"]
[WhiteElo "1985"]
[BlackElo "1358"]
[PlyCount "109"]
[GameId "2160767911192054"]
[EventDate "2004.02.09"]
[EventType "swiss"]
[EventRounds "5"]
[EventCountry "CAN"]
[SourceTitle "EXT 2005"]
[Source "ChessBase"]
[SourceDate "2004.11.15"]
[SourceVersion "1"]
[SourceVersionDate "2004.11.15"]
[SourceQuality "1"]

1. e4 c5 2. Nf3 d6 3. d4 cxd4 4. Nxd4 Nf6 5. Nc3 a6 6. Bc4 e6 7. Bb3 Be7 8. O-O b5 9. Re1 O-O 10. Qf3 Ra7 11. Qg3 Nh5 12. Qf3 g6 13. Bh6 Ng7 14. Rad1 Bg5 15. Bxg5 Qxg5 16. Nde2 Qc5 17. Qd3 Ne8 18. Nf4 Nc6 19. Rd2 Na5 20. Red1 Nxb3 21. axb3 f5 22. exf5 Rxf5 23. Ne4 Qe5 24. Ne2 d5 25. N4g3 Rf8 26. Nd4 Raf7 27. Re2 Qd6 28. Nf3 Qb6 29. Rde1 Nc7 30. h3 b4 31. Nf1 a5 32. Rd2 Ba6 33. Qe3 Qxe3 34. Nxe3 Rf4 35. Ra1 Nb5 36. Rxa5 d4 37. Ng4 Ra8 38. Nge5 Re4 39. Nd3 Nc7 40. Nxb4 Re2 41. Rxe2 Bxe2 42. Rxa8+ Nxa8 43. Nxd4 Bd1 44. Nxe6 Nb6 45. Kf1 g5 46. f3 h6 47. Ke1 Bxf3 48. gxf3 Kf7 49. Nd4 Kf6 50. Kd2 Ke5 51. Ke3 h5 52. c4 Nd7 53. Nd3+ Kd6 54. Ke4 Nf6+ 55. Kf5 1-0